00962nam a2200241Ia 4500001000700000008004100007082001400048100003100062245012300093260006700216300002500283500003500308503002100343650004400364650003600408710006700444901001400511902000600525905006300531942000600594999001900600952010100619Z_6192220601s9999 xx 000 0 und d a591.1 F57 aFuentes, Victor O.9183314 aRecopilación de notas, apuntes y artículos selectos para el curso de: fisiología veterinaria / Victor O. Fuentes aMéxico : UNAM : Facultad de Medicina Veterinaria y Zootecnia apaginación variada aClasificación LC: SF768 V47. aej.1: Donación a1. Fisiología Veterinaria - Manuales  aVeterinary Physiology - Manuals aUNAM : Facultad de Medicina Veterinaria y ZootecniaÌ9183316 a591.1 F57 aM a503224[s.f.] mx an 8000000300spa00 c1 c217088d217088 00102ddc40708GRALaZbZc1d2012-06-21l0pz_4467r2022-06-02 00:00:00t1w2022-06-02yLIBRO